Jean Rouch, Paris, Éditions Montparnasse, 2005, 10 films de Jean Rouch, 3 compléments inédits («Le geste cinématographique») (notice n° 1645973)
[ vue normale ]
| 000 -LEADER | |
|---|---|
| fixed length control field | 00541cam a2200145 4500500 |
| 005 - DATE AND TIME OF LATEST TRANSACTION | |
| control field | 20260208002342.0 |
| 041 ## - LANGUAGE CODE | |
| Language code of text/sound track or separate title | fre |
| 042 ## - AUTHENTICATION CODE | |
| Authentication code | dc |
| 100 10 - MAIN ENTRY--PERSONAL NAME | |
| Personal name | Paganini, Andrea |
| Relator term | author |
| 245 00 - TITLE STATEMENT | |
| Title | Jean Rouch, Paris, Éditions Montparnasse, 2005, 10 films de Jean Rouch, 3 compléments inédits («Le geste cinématographique») |
| 260 ## - PUBLICATION, DISTRIBUTION, ETC. | |
| Date of publication, distribution, etc. | 2005.<br/> |
| 500 ## - GENERAL NOTE | |
| General note | 93 |
| 786 0# - DATA SOURCE ENTRY | |
| Note | L'Homme | 175-176 | 3 | 2005-07-01 | p. 475d-572d | 0439-4216 |
| 856 41 - ELECTRONIC LOCATION AND ACCESS | |
| Uniform Resource Identifier | <a href="https://shs.cairn.info/revue-l-homme-2005-3-page-475d?lang=fr&redirect-ssocas=7080">https://shs.cairn.info/revue-l-homme-2005-3-page-475d?lang=fr&redirect-ssocas=7080</a> |
Pas d'exemplaire disponible.




Réseaux sociaux